| 000 | 00582nam a2200157 a 4500 | ||
|---|---|---|---|
| 008 | 150615s2012 ||||||||||||||||| || u | ||
| 020 | _a9781444732528 | ||
| 050 | _aGV 721.5 Coe | ||
| 110 | _aCoe, Sebastian | ||
| 245 | 1 | 0 |
_aRunning my life: the autobiography _cby Sebastian Coe |
| 260 |
_aLondon _bHodder and Stoughton _c2012 |
||
| 300 | _ax, 281p.: ill. | ||
| 350 | _a32.95 | ||
| 650 | _aOLYMPICS -- AUTOBIOGRAPHY | ||
| 995 |
_FCBU-MAIN LIBRARY (Kitwe) _I32.95 _M1 _UAVAILABLE _WNov 17, 2015 _ZMain Library Open Access Collection |
||
| 999 |
_c56797 _d56797 |
||